000 00696cam a22002292 4500
001 0000000315
005 20151021151045.0
008 070122s xx 000 0 eng d
020 _a8173662894 :
_cKES 2,850
040 _aKABU
_cKABU
050 0 _aQA76.9
_b.D26R44 2000
100 1 _aReese, George.
_@0000148440
245 1 0 _aDatabase programming with JDBC and Java /
_cGeorge Reese.
250 _a2nd ed.
260 _aMumbai :
_bSPD,
_c2000.
300 _axvii, 328 p.
650 0 _aDatabase design.
_@0000148441
650 0 _aJava (Computer program language)
_@0000148169
908 _a070122
950 _@1
999 _c174
_d174